000 00308nam a22001337a 4500
008 180918b xxu||||| |||| 00| 0 eng d
020 _a9780321426581
041 _aeng
080 _a330
100 _a59
101 _aBUS
245 _aBusiness Staistics A first Course
_cSharpeD/V
942 _2udc
_cBK
999 _c47935
_d47935